000 01027nam a22002777a 4500
005 20141121112734.0
010 _aENG-111353-354
020 _a9780199453412(v.1)
_c550.00
020 _a0199453411(v.1)
_c550.00
020 _a9780199453429(v.2)
_c595.00
020 _a019945342x(v.2)
_c595.00
035 _aEN-94885-886
037 _bDBAD/PUB
082 _a327.170954
245 _aInternational relations theory and South Asia :
_bsecurity, political economy, domestic politics, identities, and images /
_cedited by E. Sridharan
260 _aNew Delhi
_bOxford University Press
_c2014
270 _aYMCA Library building, 1 Jai Singh Road
_bNew Delhi
_e110001
300 _a2V.(xiv, 368p.;xvi,417p.)
_c23cm(pbk)
500 _a Includes bibliographical references.
650 _aRegionalism
_zSouth Asia.
650 _aSouth Asian cooperation.
650 _aNational security
_zSouth Asia.
650 _aInternational relations.
700 _aSridharan, E.
942 _2ddc
_cEN
_mINT
_h327.170954
999 _c90005
_d90005